000 00577nam a2200241Ia 4500
003 OSt
005 20221005120913.0
006 a|||||r|||| 00| 0
007 ta
008 221004b |||||||| |||| 00| 0 eng d
024 _a52982
037 _cTextual
040 _aCRL
_cCRL
_beng
041 _2eng
_aeng
082 _aQM5x2x, H5
100 _aAbdu'l-baha
_9626331
245 0 _aFoundations of world unity, etc
250 _a2nd
260 _c1945
650 _aRELIGION
942 _hQM5x2x, H5
_cTEXL
_2cc
999 _c1039484
_d1039484